Basics of successful startup development in the field of innovation; Journal of Economics and Social Sciences; № 5
| Parent link: | Journal of Economics and Social Sciences: electronic scientific journal.— , 2012-.— 2312-2978 № 5.— 2014.— [2 p.] |
|---|---|
| מחבר ראשי: | |
| מחבר תאגידי: | |
| מחברים אחרים: | , |
| סיכום: | Title screen The article deals with the main issues one goes through developing a startup in the field of innovation and explains the ways of their possible solving on the different stages from the idea to launching of a product. В статье идет речь о проблемах и вопросах, с которыми сталкивается предприниматель, создавая молое инновационное предприятие, и объясняются возможные пути их решения на разных стадиях - от идеи до запуска продукта в производство. |
| שפה: | אנגלית |
| יצא לאור: |
2014
|
| סדרה: | Экономические науки |
| נושאים: | |
| גישה מקוונת: | http://earchive.tpu.ru/handle/11683/21808 |
| פורמט: | MixedMaterials אלקטרוני Book Chapter |
| KOHA link: | https://koha.lib.tpu.ru/cgi-bin/koha/opac-detail.pl?biblionumber=537445 |
MARC
| LEADER | 00000naa2a2200000 4500 | ||
|---|---|---|---|
| 001 | 537445 | ||
| 005 | 20231101113929.0 | ||
| 035 | |a (RuTPU)RU\TPU\prd\226875 | ||
| 035 | |a RU\TPU\prd\226873 | ||
| 090 | |a 537445 | ||
| 100 | |a 20141203a2014 k y0rusy50 ba | ||
| 101 | 0 | |a eng | |
| 102 | |a RU | ||
| 135 | |a drcn ---uucaa | ||
| 181 | 0 | |a i | |
| 182 | 0 | |a b | |
| 200 | 1 | |a Basics of successful startup development in the field of innovation |f V. A. Verbovskiy |g sci. adv. D. A. Poletaev ;lang. adv. Yu. A. Chaika (Chayka) | |
| 203 | |a Text |c electronic | ||
| 215 | |a 1 файл (23 Кб) | ||
| 225 | 1 | |a Экономические науки | |
| 230 | |a Электронные текстовые данные (1 файл : 23 Кб) | ||
| 300 | |a Title screen | ||
| 320 | |a [References: 2 tit.] | ||
| 330 | |a The article deals with the main issues one goes through developing a startup in the field of innovation and explains the ways of their possible solving on the different stages from the idea to launching of a product. | ||
| 330 | |a В статье идет речь о проблемах и вопросах, с которыми сталкивается предприниматель, создавая молое инновационное предприятие, и объясняются возможные пути их решения на разных стадиях - от идеи до запуска продукта в производство. | ||
| 453 | |a Вербовский, В. А. | ||
| 461 | 1 | |0 (RuTPU)RU\TPU\prd\225573 |x 2312-2978 |t Journal of Economics and Social Sciences |o electronic scientific journal |d 2012- | |
| 463 | 1 | |0 (RuTPU)RU\TPU\prd\226862 |t № 5 |v [2 p.] |d 2014 | |
| 610 | 1 | |a electronic resource | |
| 610 | 1 | |a startup | |
| 610 | 1 | |a Innovation | |
| 610 | 1 | |a funding | |
| 610 | 1 | |a business-angel | |
| 610 | 1 | |a venture companies | |
| 610 | 1 | |a team | |
| 610 | 1 | |a industrial park | |
| 700 | 1 | |a Verbovskiy |b V. A. | |
| 702 | 1 | |a Poletaev |b D. A. |c economist |c Assistant of Tomsk Polytechnic University |f 1990- |g Dmitry Aleksandrovich |2 stltpush |4 695 | |
| 702 | 1 | |a Chaika (Chayka) |b Yu. A. |c linguist |c Senior Lecturer of Tomsk Polytechnic University |f 1980- |g Yuliya Aleksandrovna |2 stltpush |3 (RuTPU)RU\TPU\pers\30979 |4 727 | |
| 712 | 0 | 2 | |a Национальный исследовательский Томский политехнический университет (ТПУ) |b Институт социально-гуманитарных технологий (ИСГТ) |b Кафедра иностранных языков (ИЯСГТ) |h 7147 |2 stltpush |3 (RuTPU)RU\TPU\col\18376 |
| 801 | 1 | |a RU |b 63413507 |c 20090623 |g PSBO | |
| 801 | 2 | |a RU |b 63413507 |c 20160921 |g PSBO | |
| 856 | 4 | |u http://earchive.tpu.ru/handle/11683/21808 | |
| 942 | |c BK | ||